000 00716nam a2200217Ii 4500
003 JO-AjNU
008 230605s9999||||xx |||||||||||||| ||und||
017 _a1985/5401
040 _aJO-AjNU
_bara
_erda
_cJO-AjNU
041 _aara
050 1 4 _aPJ6161.M822 1985
100 3 _aحققه عبد التواب رمضان,
_eauthor
_98209
245 0 0 _aالبلاغة لأبي العباس محمد بن يزيد المبرد
250 _aط2
264 3 1 _aالقاهرة: مكتبة الثقافة المدنية، 1985
300 _a111ص
336 _atext
_btxt
_2rdacontent
337 _aunmediated
_bn
_2rdamedia
338 _avolume
_bnc
_2rdacarrier
650 4 _aاللغة العربية-البلاغة
_98210
999 _aA672
_c4240
_d4240